000 00548nam a2200181Ia 4500
008 151202s9999||||xx |||||||||||||| ||und||
082 _bPNVM-60351
100 _aइनामदार ना.स.
245 _aशिकस्त.
260 _b"कॉन्टिनेंटल प्रकाशन,पुणे."
260 _c60351
300 _a578
600 _aइनामदार ना.स.
630 _aशिकस्त.
700 _aइनामदार ना.स.
730 _aशिकस्त.
942 _cBOOK
999 _c1326885
_d1326882